Famous Animal Quiz - Statistics

General Stats
  • This quiz has been taken 89 times
  • The average score is 12 of 15
Answer Stats
Name Animal % Correct
Simba Lion
100%
Dumbo Elephant
99%
Winnie the Pooh Bear
95%
Garfield Cat
95%
Scooby-Doo Dog
95%
Puss in Boots Cat
93%
Nemo Fish
93%
Jerry Mouse
92%
Tigger Tiger
92%
Yogi Bear
84%
Sven Reindeer
76%
Air Bud Dog
68%
Timon Meerkat
57%
Gloria Hippo
55%
Bullwinkle Moose
51%
No matching quizzes found
Score Distribution
Percent of People with Each Score
Percentile by Number Answered
Your Score History
You have not taken this quiz